Score 0/22 Timer 05:00
0 Plays Today
Letter Metros % Correct
BBarcelona, Berlin, Birmingham...
98.6%
LLondon, Lisbon, Leeds...
97.8%
MMoscow, Madrid, Milan...
97.5%
PParis, Prague, Porto...
95.8%
AAthens, Amsterdam, Antwerp
94%
SSt. Petersburg, Stockholm, Stuttgart...
90.4%
RRuhr, Rome, Rotterdam...
89.8%
OOslo, Odessa
87.6%
HHamburg, Helsinki
84.2%
WWarsaw
82.3%
VVienna, Valencia, Volgograd
80.6%
Letter Metros % Correct
CCologne, Copenhagen, Chelyabinsk
80.1%
DDonetsk, Dnipro, Dublin
76.3%
KKyiv, Katowice, Kharkiv...
72.6%
NNaples, Nizhny Novgorod, Newcastle upon Tyne
66.5%
FFrankfurt am Main
61.1%
IIstanbul
59.6%
ZZurich
54.1%
GGlasgow
45.5%
TTurin
44%
YYekaterinburg
12.4%
UUfa
9.8%
Remove Ads.
Support Sporcle.
Get the best of Sporcle when you Go Orange. This ad-free experience offers more features, more stats, and more fun while also helping to support Sporcle. Thank you for becoming a member.

You're not logged in!

Compare scores with friends on all Sporcle quizzes.
OR
Log In

Show Comments

Extras

Top Quizzes Today


Score Distribution

Your Account Isn't Verified!

In order to create a playlist on Sporcle, you need to verify the email address you used during registration. Go to your Sporcle Settings to finish the process.

Report this User

Report this user for behavior that violates our Community Guidelines.

Details: